Doktor Jesenius

Bibliographic Details
Main Author: Zúbek, Ľudo, 1907-1969 (Author)
Other Authors: Šesták, František, 1935-2004 (Illustrator), Polišenský, Josef, 1915-2001 (Author of afterword, colophon, etc.)
Format: Book
Language:Slovak
PhysicalDescription:401 s. 27 cm
Published: Bratislava Mladé letá 1976
Edition:3. vyd.
Subjects:

MARC

LEADER 00000cam a2200000 a 4500
001 vtls009853570
003 SK-MaSNL
005 20260302081006.0
008 180814s1976 xo a crh 000 fbslo
015 |a SNBA1976 
035 |a (SVKBBclas03)vtls000244672 
040 |a SNK  |b slo  |c SNK  |e AACR2 
041 0 |a slo 
044 |a xo  |c SK 
080 |a 885.4-93  |2 1981 
080 |a 943.7"16":92  |2 1981 
100 1 |a Zúbek, Ľudo,  |d 1907-1969  |4 aut  |9 86505 
245 1 0 |a Doktor Jesenius  |c Ľudo Zúbek ; ilustrátor František Šesták 
250 |a 3. vyd. 
260 |a Bratislava  |b Mladé letá  |c 1976 
300 |a 401 s.  |c 27 cm 
366 |e 10000 výt. 
500 |a Vysvetl. 
521 8 |a Pre čitateľov od 11 rokov 
600 1 7 |a Jesenský-Jessenius, Ján,  |d 1566-1621  |2 SNKMA  |9 152840 
655 7 |a biografické romány  |2 SNKPH  |9 1532 
655 7 |a slovenské romány  |2 SNKPH  |9 70324 
655 7 |a literatúra pre deti a mládež  |2 SNKPH  |9 189378 
700 1 |a Šesták, František,  |d 1935-2004  |4 ill  |9 202068 
700 1 |a Polišenský, Josef,  |d 1915-2001  |4 aft  |9 114607 
958 |a OND 
958 |a TL 
958 |a BX 
958 |a LX 
999 |c 1174875  |d 1176805 
952 |a SNK  |b SNK  |y PREZ  |7 0  |p 17A0942428  |o snkSB 24137  |0 0  |1 0  |4 0  |d 2014-02-18  |f 1  |l 0  |r 2025-03-27 00:00:00  |w 2026-02-24 
952 |a SNK  |b SNK  |y PREZ  |7 0  |o snkSB 24137 D1  |i snkKSP 5766/70  |0 0  |1 0  |4 0  |d 2020-10-30  |l 0  |r 2026-02-24 21:18:56  |w 2026-02-24